| 000 | 00450nam a2200169Ia 4500 | ||
|---|---|---|---|
| 001 | 23459 | ||
| 008 | 140410s9999 xx 000 0 und d | ||
| 020 | _a0-7499-1160-3 | ||
| 040 | _cPK-LaUMT | ||
| 082 |
_a 153.1 _bFIN-M |
||
| 100 | _aFinkel, Robert | ||
| 245 |
_aMemory booster: _beasy techniques for rapid learning and a better memory _cFinkel, Robert |
||
| 260 |
_aLondon,UK: _bPiatkus, _c1991 |
||
| 300 | _a181 p. | ||
| 546 | _aEN | ||
| 942 | _cBK | ||
| 999 |
_c23686 _d23686 |
||